Statistics for 2018 NASCAR Cup Series Winning Drivers

Click here to take the quiz!

General Stats

  • This quiz has been taken 144 times
  • The average score is 35 of 37

Answer Stats

RaceDriver% Correct
Ford EcoBoost 400 at Homestead-Miami Speedway*Joey Logano
99%
First Data 500 at Martinsville Speedway*Joey Logano
99%
GEICO 500 at Talladega SuperspeedwayJoey Logano
99%
Can-Am 500 at ISM Raceway (Phoenix)*Kyle Busch
98%
O'Reilly Auto Parts 500 at Texas Motor SpeedwayKyle Busch
98%
Food City 500 at Bristol Motor SpeedwayKyle Busch
98%
Toyota Owners 400 at Richmond RacewayKyle Busch
98%
Coca-Cola 600 at Charlotte Motor SpeedwayKyle Busch
98%
Federated Auto Parts 400 at Richmond Raceway*Kyle Busch
98%
Overton's 400 at Chicagoland SpeedwayKyle Busch
98%
Gander Outdoors 400 at Pocono RacewayKyle Busch
98%
South Point 400 at Las Vegas Motor Speedway*Brad Keselowski
97%
Big Machine Vodka 400 at the Brickyard at Indianapolis Motor SpeedwayBrad Keselowski
97%
Bojangles' Southern 500 at Darlington RacewayBrad Keselowski
97%
Auto Club 400 at Auto Club Speedway (Fontana)Martin Truex Jr.
97%
Quaker State 400 at Kentucky SpeedwayMartin Truex Jr.
97%
Pocono 400 at Pocono RacewayMartin Truex Jr.
97%
Bass Pro Shops NRA Night Race at Bristol Motor SpeedwayKurt Busch
96%
Consumers Energy 400 at Michigan International SpeedwayKevin Harvick
95%
AAA Texas 500 at Texas Motor Speedway*Kevin Harvick
95%
Foxwoods Resort Casino 301 at New Hampshire Motor SpeedwayKevin Harvick
95%
Folds of Honor QuikTrip 500 at Atlanta Motor SpeedwayKevin Harvick
95%
NASCAR All Star Race at Charlotte Motor SpeedwayKevin Harvick
95%
KC Masterpeice 400 at Kansas SpeedwayKevin Harvick
95%
AAA 400 Drive for Autism at Dover International SpeedwayKevin Harvick
95%
TicketGuardian 500 at ISM Raceway (Phoenix)Kevin Harvick
95%
Pennzoil 400 at Las Vegas Motor SpeedwayKevin Harvick
95%
Go Bowling at the Glen at Watkins Glen InternationalChase Elliott
93%
Hollywood Casino 500 at Kansas Speedway*Chase Elliott
93%
Gander Outdoors 400 at Dover International Speedway*Chase Elliott
93%
Bank of America Roval 400 at Charlotte Motor Speedway*Ryan Blaney
88%
Daytona 500 at Daytona International SpeedwayAustin Dillon
87%
Coke Zero Sugar 400 at Daytona International SpeedwayErik Jones
82%
Toyota/Save Mart 350 at Sonoma RacewayMrtin Truex Jr.
81%
1000Bulbs.com 500 at Talladega Superspeedway*Aric Almirola
78%
FireKeepers Casino 400 at Michigan International SpeedwayClint Bowyer
78%
STP 500 at Martinsville SpeedwayClint Bowyer
78%

Score Distribution

Percentile by Number Answered

Percent of People with Each Score

Your Score History

You have not taken this quiz